Three men in the boat : Oxford Bookworms 4
Gorde:
| Egile nagusia: | |
|---|---|
| Formatua: | Liburua |
| Hizkuntza: | Undetermined |
| Argitaratua: |
Oxford
Oxford Univ. Press
1999
|
| Gaiak: | |
| Etiketak: |
Etiketa erantsi
Etiketarik gabe, Izan zaitez lehena erregistro honi etiketa jartzen!
|
| Thư viện lưu trữ: | Trung tâm Học liệu Trường Đại học Cần Thơ |
|---|
| LEADER | 00582nam a2200217Ia 4500 | ||
|---|---|---|---|
| 001 | CTU_34951 | ||
| 008 | 210402s9999 xx 000 0 und d | ||
| 020 | |c 21000 | ||
| 082 | |a 823.9 | ||
| 082 | |b J56t | ||
| 100 | |a Jerome, Jerome K. | ||
| 245 | 0 | |a Three men in the boat : | |
| 245 | 0 | |b Oxford Bookworms 4 | |
| 245 | 0 | |c Jerome K Jerome | |
| 260 | |a Oxford | ||
| 260 | |b Oxford Univ. Press | ||
| 260 | |c 1999 | ||
| 650 | |a English fiction,English literature | ||
| 650 | |y 20th century | ||
| 904 | |i Minh, Trong Hieu | ||
| 980 | |a Trung tâm Học liệu Trường Đại học Cần Thơ | ||